Stolice państw na literę A - Statystyki

Ogólne statystyki
  • Ten quiz został rozwiązany 181 razy
  • Średni wynik to 8 z 15
Statystyki odpowiedzi
Państwo Odpowiedź % Poprawnych
Holandia Amsterdam
88%
Grecja Ateny
88%
Andora Andora
86%
Turcja Ankara
86%
Zjednoczone Emiraty Arabskie Abu Zabi
65%
Algieria Algier
63%
Etiopia Addis Abeba
44%
Jordania Amman
44%
Madagaskar Antananarywa
43%
Nigeria Abudża
37%
Ghana Akra
37%
Paragwaj Asunción
36%
Turkmenistan Aszchabad
26%
Erytrea Asmara
22%
Samoa Apia
20%
Nie znaleziono quizów pasujących do podanych kryteriów
Rozkład punktacji
Procent ludzi z każdym wynikiem
Percentyl według liczby udzielonych odpowiedzi
Twoja historia wyników
Nie rozwiązałeś tego quizu